Every Actor to Play James Bond - Statistics

General Stats
  • This quiz has been taken 43 times
  • The average score is 6 of 8
Answer Stats
Picture Answer % Correct
Daniel Craig
98%
Sean Connery
95%
Pierce Brosnan
93%
Roger Moore
88%
Timothy Dalton
75%
George Lazenby
68%
David Niven
53%
Barry Nelson
13%
No matching quizzes found
Score Distribution
Percent of People with Each Score
Percentile by Number Answered
Your Score History
You have not taken this quiz